| 000 | 01052nam a22003137a 4500 | ||
|---|---|---|---|
| 001 | 6252 | ||
| 003 | FISKH | ||
| 005 | 20250407091821.0 | ||
| 008 | 250407b cb ||||| |||| 00| 0 eng d | ||
| 020 | _a043945462x | ||
| 040 |
_aDLC _cDLC _dDLC _beng |
||
| 050 | _a PZ7.S6313 M | ||
| 082 | _a 813.54 | ||
| 100 | 1 |
_aSleator, William _d (1945–2011) |
|
| 245 | 1 | 0 |
_aMarco's Millions / _cWilliam Sleator. |
| 250 | _aThis edition first published in 2002 | ||
| 260 |
_aNew York : _bScholastic, _c2001. |
||
| 300 |
_a161 pages : _c20 cm |
||
| 505 | _aP | ||
| 520 | _aTwelve-year-old Marco's love for travel and for his younger sister Lilly, who has psychic powers, leads him to journey to other universes, gaining the ability to go wherever he wishes without growing old. | ||
| 521 | 8 |
_a640
_bLexile |
|
| 521 | 8 |
_aP
_bRaz-Plus |
|
| 650 | 1 |
_aSpace and time _vFiction. |
|
| 650 | 1 |
_aPsychic ability _vFiction. |
|
| 650 | 1 |
_aSiblings _vFiction. |
|
| 906 |
_a7 _bcbc _corignew _d1 _eocip _f20 _gy-gencatlg |
||
| 942 |
_2ddc _cBK _n0 |
||
| 999 |
_c6252 _d6252 |
||